000 00721nac a22001811u 4500
010 _a92040088
020 _a0077077180
082 0 0 _a658.4012
_bM834
090 _c1157
_d1157
100 _aMorden, Tony,
245 1 0 _aIntroduction to business strategy :
_ab a strategic management approach :
_btext and cases /
_cTony Morden.
260 _aNew York :
_bMcGraw-Hill Book Co.,1999
_cc1999.
300 _a636 p. :
_bill. ;
_c25 cm.
504 _aIncludes bibliographical references and index.
650 0 _aStrategic planning.
942 _cBB
_k658.4012M834
999 _c1157
_d1157